| 000 | 00444nam a2200145Ia 4500 | ||
|---|---|---|---|
| 999 |
_c19199 _d19199 |
||
| 082 | _a306.26 REP-I | ||
| 245 | 0 | _aReport on the status of elderly in select states of India, 2011 | |
| 260 |
_aNew Delhi _bthe author _c2012 |
||
| 300 | _axxiv, 173 | ||
| 440 | _aBuilding a knowledge base on population ageing in India | ||
| 650 | _aELDERLY PERSONS | ||
| 650 | _aAGED : INDIA | ||
| 710 | _aUnited Nations Population Fund, New Delhi | ||
| 942 | _cBK | ||